[Event "Hradec Kralove op 11th"]
[Site "Hradec Kralove"]
[Date "2022.11.08"]
[Round "5"]
[White "Valik, Ondrej"]
[Black "Peglau, Dora"]
[Result "0-1"]
[WhiteElo "1675"]
[BlackElo "1798"]
[PlyCount "76"]
[EventDate "2022.11.05"]
[EventType "swiss"]
[EventRounds "9"]
[EventCountry "CZE"]
[SourceTitle "CBM 211 Extra"]
[Source "ChessBase"]
[SourceDate "2023.01.31"]
[SourceVersion "1"]
[SourceVersionDate "2023.01.31"]
[SourceQuality "1"]

1. c4 Nf6 2. Nc3 e6 3. e4 d5 4. e5 Ne4 5. Qc2 Nxc3 6. bxc3 c5 7. cxd5 exd5 8. d4 Nc6 9. Bb5 Bd7 10. Bxc6 Bxc6 11. Ne2 Rc8 12. Qd3 cxd4 13. cxd4 Bb4+ 14. Bd2 Bxd2+ 15. Qxd2 0-0 16. 0-0 Bb5 17. Rfc1 Bxe2 18. Qxe2 Qd7 19. Qd2 b5 20. Rxc8 Rxc8 21. Rc1 Rc4 22. Rxc4 bxc4 23. Qb4 h5 24. Kf1 Qg4 25. Qd2 Qe4 26. f3 Qb1+ 27. Kf2 Qb6 28. f4 Qb1 29. h3 h4 30. Kf3 Kh7 31. Kg4 Qg6+ 32. Kxh4 Qd3 33. Qb2 c3 34. Qb7 Qf5 35. g4 Qxf4 36. Qb1+ Qe4 37. Qc1 Qxd4 38. Qg5 Qf2+ 0-1